1114 1456 1777 1158 1982 1042 1570 1466 1257 1293 1042 1997 1428 1086 1659 1861 1936 1207 1016 1839 1061 1207 1475 1317 1961 1227 1022 1785 1901 1162 1538 1332 1339 1185 1906 1353 1905 1597 1234 1112 1524 1198 1562 1997 1855 1021 1182 1865 1894 1878 1074 1766 1792 1358 1277 1221 1809 1348 1402 1834 1504 1649 1208 1208 1564 1901 1317 1617 1028 1134 1446 1107 1775 1626 1800 1434 1314 1991 1596 1625 1284 1798 1191 1710 1390 1526 1199 1090 1087 1151 1176 1191 1668 1014 1380 1424 1164 1266 1638 BCNSPRNW ULIB Ver.6.0+V

เปลี่ยนเป็นภาษาไทย

Change to English
 แสดงรายละเอียดบรรณานุกรม
  กลับหน้าหลัก

Brief Record : Get Marc (ISO 2709) : E-mail record : QR code < ปิดหน้าต่าง
LEADER : 00000nam 2200000uu 4500
001    13399127670
003     ULIB
008    210319s2562||||th 000 0 tha d
020    ^a9786164854628 (ล.1)
060 04 ^aWY152^bว712ห^cล.1
100 0  ^aวิโรจน์ ไววานิชกิจ
245 00 ^aหลักการพยาบาลผู้สูงอายุ เล่ม 1:^bความรู้เบื้องต้นเกี่ยวกับการพยาบาลผู้สูงอายุและหลักเวชศาสตร์ผุ้สูงอายุ /^cวิโรจน์ ไววานิชกิจ, บรรณาธิการ
246 31 ^aการประเมินผู้สูงอายุแบบองค์รวม
246 31 ^aความรู้เบื้องต้นเกี่ยวกับการพยาบาลผู้สูงอายุและหลักเวชศาสตร์ผุ้สูงอายุ
260    ^aกรุงเทพฯ :^bสำนักพิมพ์จุฬาลงกรณ์มหาวิทยาลัย,^c2562
300    ^a88 หน้า :^bภาพประกอบ ;^c22 ซม.
504    ^aมีบรรณานุกรมและดรรชนี
505 2  ^aเล่ม 1ความรู้เบื้องต้นเกี่ยวกับการพยาบาลผู้สูงอายุและหลักเวชศาสตร์ผุ้สูงอายุ
650  4 ^aการพยาบาลเวชศาสตร์วัยชรา
650  4 ^aผู้สูงอายุ
700 0  ^aวิโรจน์ ไววานิชกิจ,^eบรรณาธิการ
945    ^p395^l0^i28792
945    ^p395^l0^i28793
945    ^p395^l0^i28794
945    ^p395^l0^i28795
945    ^p395^l0^i28796
945    ^p395^l0^i28797
945    ^p395^l0^i28798
945    ^p395^l0^i28799
945    ^p395^l0^i28800
945    ^p395^l0^i28801
999    ^aกัณชพร จุลอักษร
รายการนี้ยังไม่มีแท็ก
คุณยังไม่ได้ล็อกอิน คุณสามารถมีกิจกรรมร่วมกับเว็บไซต์ได้ แต่ต้องล็อกอินก่อน ::
  ล็อกอิน

รายการสื่อสารสนเทศ

ลำดับที่ ประเภท เลขเรียก/บาร์โค้ด สถานที่ สถานะ
1. หนังสือสำรอง
หนังสือสำรอง
WY152 ว712ห ล.1 ฉ.1 
  Barcode: 28792
ห้องสมุดวิทยาเขตนครสวรรค์
►หนังสือทั่วไป:l:General Books
บนชั้น
2. วิทยาศาสตร์การแพทย์ และสุขภาพ
วิทยาศาสตร์การแพทย์ และสุขภาพ
WY152 ว712ห ล.1 ฉ.10 
  Barcode: 28801
ห้องสมุดวิทยาเขตนครสวรรค์
►หนังสือทั่วไป:l:General Books
บนชั้น
3. วิทยาศาสตร์การแพทย์ และสุขภาพ
วิทยาศาสตร์การแพทย์ และสุขภาพ
WY152 ว712ห ล.1 ฉ.2 
  Barcode: 28793
ห้องสมุดวิทยาเขตนครสวรรค์
►หนังสือทั่วไป:l:General Books
บนชั้น
4. วิทยาศาสตร์การแพทย์ และสุขภาพ
วิทยาศาสตร์การแพทย์ และสุขภาพ
WY152 ว712ห ล.1 ฉ.3 
  Barcode: 28794
ห้องสมุดวิทยาเขตนครสวรรค์
►หนังสือทั่วไป:l:General Books
บนชั้น
5. วิทยาศาสตร์การแพทย์ และสุขภาพ
วิทยาศาสตร์การแพทย์ และสุขภาพ
WY152 ว712ห ล.1 ฉ.4 
  Barcode: 28795
ห้องสมุดวิทยาเขตนครสวรรค์
►หนังสือทั่วไป:l:General Books
บนชั้น
6. วิทยาศาสตร์การแพทย์ และสุขภาพ
วิทยาศาสตร์การแพทย์ และสุขภาพ
WY152 ว712ห ล.1 ฉ.5 
  Barcode: 28796
ห้องสมุดวิทยาเขตนครสวรรค์
►หนังสือทั่วไป:l:General Books
บนชั้น
7. วิทยาศาสตร์การแพทย์ และสุขภาพ
วิทยาศาสตร์การแพทย์ และสุขภาพ
WY152 ว712ห ล.1 ฉ.6 
  Barcode: 28797
ห้องสมุดวิทยาเขตนครสวรรค์
►หนังสือทั่วไป:l:General Books
บนชั้น
8. วิทยาศาสตร์การแพทย์ และสุขภาพ
วิทยาศาสตร์การแพทย์ และสุขภาพ
WY152 ว712ห ล.1 ฉ.7 
  Barcode: 28798
ห้องสมุดวิทยาเขตนครสวรรค์
►หนังสือทั่วไป:l:General Books
บนชั้น
9. วิทยาศาสตร์การแพทย์ และสุขภาพ
วิทยาศาสตร์การแพทย์ และสุขภาพ
WY152 ว712ห ล.1 ฉ.8 
  Barcode: 28799
ห้องสมุดวิทยาเขตนครสวรรค์
►หนังสือทั่วไป:l:General Books
บนชั้น
10. วิทยาศาสตร์การแพทย์ และสุขภาพ
วิทยาศาสตร์การแพทย์ และสุขภาพ
WY152 ว712ห ล.1 ฉ.9 
  Barcode: 28800
ห้องสมุดวิทยาเขตนครสวรรค์
►หนังสือทั่วไป:l:General Books
บนชั้น

รายการใกล้เคียง
    ผู้แต่ง [วิโรจน์ ไววานิชกิจ]

    หัวเรื่อง [การพยาบาลเวชศาสตร์วัยชรา]
    หัวเรื่อง [ผู้สูงอายุ]

BibComment


ยังไม่เคยถูกคอมเมนท์

คอมเมนท์ทรัพยากรรายการนี้
  คอมเมนท์: หลักการพยาบาลผู้..


 Copyright 2026. Bcnsprnw @Library